“La Fêlure”, de Charlotte Casiraghi : la vulnérabilité en partage (notice n° 2072815)

détails MARC
000 -LEADER
fixed length control field 00635cam a2200193 4500500
005 - DATE AND TIME OF LATEST TRANSACTION
control field 20260405004012.0
041 ## - LANGUAGE CODE
Language code of text/sound track or separate title fre
042 ## - AUTHENTICATION CODE
Authentication code dc
100 10 - MAIN ENTRY--PERSONAL NAME
Personal name Degiovanni, Clara
Relator term author
245 00 - TITLE STATEMENT
Title “La Fêlure”, de Charlotte Casiraghi : la vulnérabilité en partage
260 ## - PUBLICATION, DISTRIBUTION, ETC.
Date of publication, distribution, etc. 2026.<br/>
500 ## - GENERAL NOTE
General note 54
690 ## - LOCAL SUBJECT ADDED ENTRY--TOPICAL TERM (OCLC, RLIN)
Topical term or geographic name as entry element Charlotte Casiraghi
690 ## - LOCAL SUBJECT ADDED ENTRY--TOPICAL TERM (OCLC, RLIN)
Topical term or geographic name as entry element Fragilité
690 ## - LOCAL SUBJECT ADDED ENTRY--TOPICAL TERM (OCLC, RLIN)
Topical term or geographic name as entry element Scott Fitzgerald
690 ## - LOCAL SUBJECT ADDED ENTRY--TOPICAL TERM (OCLC, RLIN)
Topical term or geographic name as entry element Vulnérabilité
786 0# - DATA SOURCE ENTRY
Note Philosophie magazine | 197 | 2 | 2026-02-01 | p. 146-146 | 1951-1787
856 41 - ELECTRONIC LOCATION AND ACCESS
Uniform Resource Identifier <a href="https://shs.cairn.info/magazine-philosophie-magazine-2026-2-page-146?lang=fr&redirect-ssocas=7080">https://shs.cairn.info/magazine-philosophie-magazine-2026-2-page-146?lang=fr&redirect-ssocas=7080</a>

Pas d'exemplaire disponible.

PLUDOC

PLUDOC est la plateforme unique et centralisée de gestion des bibliothèques physiques et numériques de Guinée administré par le CEDUST. Elle est la plus grande base de données de ressources documentaires pour les Étudiants, Enseignants chercheurs et Chercheurs de Guinée.

Adresse

627 919 101/664 919 101

25 boulevard du commerce
Kaloum, Conakry, Guinée

Réseaux sociaux

Powered by Netsen Group @ 2025